Cambridge Companion to Freud (Record no. 9637)

MARC details
000 -LEADER
fixed length control field 00636nam a2200253 a 4500
020 ## - INTERNATIONAL STANDARD BOOK NUMBER
ISBN 052179X
082 00 - DEWEY DECIMAL CLASSIFICATION NUMBER
Classification number 190
Author Cutter NEU
100 ## - MAIN ENTRY--AUTHOR NAME
Author name Neu, Jerome
245 ## - TITLE STATEMENT
Title Cambridge Companion to Freud
260 ## - PUBLICATION, DISTRIBUTION, ETC. (IMPRINT)
Place of publication Cambridge
Name of publisher Cambridge University Press
Year of publication 1991
300 ## - PHYSICAL DESCRIPTION
Number of Pages 356p
500 ## - GENERAL NOTE
General note includes index and biblioraphy
505 2# - FORMATTED CONTENTS NOTE
Formatted contents note Index
650 ## - SUBJECT ADDED ENTRY--TOPICAL TERM
Topical Term Philosophy-Western-Modern
650 ## - SUBJECT ADDED ENTRY--TOPICAL TERM
Topical Term Philosophy-Freud
942 ## - ADDED ENTRY ELEMENTS (KOHA)
Koha item type Books
700 1# -
-- Neu, Jerome
Holdings
Collection code Home library Current library Date acquired Cost, normal purchase price Full call number Accession Number Koha item type
  Henry Martyn Institute Library Henry Martyn Institute Library 08/01/2007 1032.30 190 NEU 016592 Books
                   Copyright © 2026 | Henry Martyn Institute | Hyderabad | TS-500052 | INDIA | Implemented by hmi.edu.in
Hit-Count:

Powered by Koha